Kraje Europy po angielsku #1 - Statystyki

Ogólne statystyki
  • Ten quiz został rozwiązany 73 razy
  • Średni wynik to 13 z 15
Statystyki odpowiedzi
Po polsku Po angielsku % Poprawnych
Andora Andorra
98%
Albania Albania
97%
Belgia Belgium
97%
Austria Austria
95%
Francja France
95%
Finlandia Finland
93%
Białoruś Belarus
92%
Bułgaria Bulgaria
92%
Estonia Estonia
92%
Chorwacja Croatia
90%
Dania Denmark
90%
Czechy Czech republic / Czechia
89%
Grecja Greece
87%
Czarnogóra Montenegro
82%
Bośnia i Hercegowina Bosnia and Herzegovina
49%
Nie znaleziono quizów pasujących do podanych kryteriów
Rozkład punktacji
Procent ludzi z każdym wynikiem
Percentyl według liczby udzielonych odpowiedzi
Twoja historia wyników
Nie rozwiązałeś tego quizu